Miasta kończące się na D według podpowiedzi - Statystyki

Ogólne statystyki
  • Ten quiz został rozwiązany 1 285 razy
    1 147 od ostatniego zresetowania
  • Średni wynik to 6 z 18
Statystyki odpowiedzi
Wskazówka Miasto % Poprawnych
Posiada najstarszy uniwersytet w Wielkiej Brytanii Oksford
87%
Miasto w Zagłębiu Ruhry w Niemczech, którego klub piłkarski znany jest jako Borussia ______ Dortmund
81%
Największe miasto w Nowej Zelandii Auckland
64%
Kiedy Mongołowie złupili tę stolicę w 1258 roku, zakończył się złoty wiek islamu Bagdad
64%
Nazwa tej stolice państwowej oznacza "Miasto Islamu" Islamabad
56%
Formalnie nazywał się Stalingrad Wołgograd
55%
Drugie największe miasto w Serbii położone nad Dunajem Nowy Sad
40%
Największe miasto w Oregonie i Maine Portland
32%
Położone tam, gdzie Kanał Sueski spotyka Morze Środziemne Port Said
22%
Przejdź przez Bay Bridge z San Francisco, a będziesz tutaj Oakland
18%
Stolica Skonfederowanych Stanów Zjednoczonych podczas wojny domowej Richmond
18%
Ponad 20 stanów USA ma miasto o tej nazwie, ale jest to... stolica stanu Illinois Springfield
18%
Miasto w Yorkshire będące dawniej głównym ośrodkiem produkcji stali Sheffield
15%
To niemieckie miasto, które zgodnie z memami nie istnieje Bielefeld
14%
Rzeka Cuyahoga w tym mieście kilkakrotnie płonęła, ostatni raz w 1969 roku Cleveland
11%
Największe miasto Gudźaratu, posiada największy stadion na świecie Ahmadabad
10%
Drugie największe miasto w Iranie Meszhed
10%
Miasto w Irlandii znane z tworzenia kryształów Waterford
9%
Nie znaleziono quizów pasujących do podanych kryteriów
Rozkład punktacji
Procent ludzi z każdym wynikiem
Percentyl według liczby udzielonych odpowiedzi
Twoja historia wyników
Nie rozwiązałeś tego quizu od ostatniego zresetowania